| Tag |
First Indicator |
Second Indicator |
Subfields |
| LEADER |
00000cam a2200000 a 4500 |
| 001 |
in00000078683 |
| 005 |
20151008053905.0 |
| 008 |
810722s1980 caua b 00110 eng |
| 010 |
|
|
|a 79067773
|
| 020 |
|
|
|a 0804710791
|
| 035 |
|
|
|a (OCoLC)07152250
|
| 035 |
|
|
|9 AAH8972AM
|
| 039 |
0 |
|
|a 2
|b 3
|c 3
|d 3
|e 3
|
| 040 |
|
|
|a DLC
|c DLC
|d TXA
|d UtOrBLW
|
| 041 |
0 |
|
|a eng
|a spa
|
| 049 |
|
|
|a TXAM
|c [932746]
|
| 050 |
0 |
0 |
|a PQ8097.N4
|b A763
|
| 082 |
0 |
|
|a 861
|2 19
|
| 100 |
1 |
|
|a Felstiner, John.
|
| 245 |
1 |
0 |
|a Translating Neruda :
|b the way to Macchu Picchu /
|c John Felstiner.
|
| 264 |
|
1 |
|a Stanford, Calif. :
|b Stanford University Press,
|c 1980.
|
| 300 |
|
|
|a 284 pages :
|b illustrations ;
|c 23 cm.
|
| 336 |
|
|
|a text
|b txt
|2 rdacontent
|
| 337 |
|
|
|a unmediated
|b n
|2 rdamedia
|
| 338 |
|
|
|a volume
|b nc
|2 rdacarrier
|
| 500 |
|
|
|a Includes Alturas de Macchu Picchu in English and Spanish.
|
| 500 |
|
|
|a Includes index.
|
| 504 |
|
|
|a Bibliography: pages [267]-273.
|
| 600 |
1 |
0 |
|a Neruda, Pablo,
|d 1904-1973.
|t Alturas de Macchu Picchu.
|
| 600 |
1 |
0 |
|a Neruda, Pablo,
|d 1904-1973
|x Translations into English.
|
| 700 |
1 |
2 |
|a Neruda, Pablo,
|d 1904-1973.
|t Alturas de Macchu Picchu.
|f 1980.
|
| 999 |
|
|
|a MARS
|
| 999 |
f |
f |
|s a810fe41-a43e-3d69-81cc-5ea5cc25a713
|i c2d7e352-369b-3e01-8a09-6447a8c4b5c3
|t 0
|
| 952 |
f |
f |
|p normal
|a Texas A&M University
|b College Station
|c Sterling C. Evans Library
|d Evans: Library Stacks
|t 0
|e PQ8097.N4 A763
|h Library of Congress classification
|i unmediated -- volume
|m A14806182239
|
| 998 |
f |
f |
|a PQ8097.N4 A763
|t 0
|l Evans: Library Stacks
|